NBA Players By Nickname - Statistics

General Stats
  • This quiz has been taken 110 times
  • The average score is 7 of 16
Answer Stats
Picture Answer % Correct
Black Mamba
92%
King James
83%
White Chocolate
77%
Greek Freak
76%
The Brow
72%
Round Mound of Rebound
45%
The Big Fundamental
41%
Diesel
39%
Swaggy P
35%
Aquaman
34%
The Stilt
34%
Baby Faced Assassin
18%
German Jesus
16%
Chocolate Thunder
14%
Great Barrier Thief
14%
Black Hole
5%
No matching quizzes found
Score Distribution
Percent of People with Each Score
Percentile by Number Answered
Your Score History
You have not taken this quiz